000 00729nam a2200241 a 4500
001 26000
003 CO-ViMGA
008 141112s2004 ck r 000 u spa d
015 _ack - 2005 - xxxx
020 _a9588156699
040 _aCO-ViMGA
_bspa
_cCO-ViMGA
082 0 4 _aI155.4 V45c1
100 1 _aVillegas, María
_92000
245 1 0 _aCosas de niñas /
_ctextos de María Villegas y Jennie Kent ; ilustración de Ivette Salom Safi
250 _a1a. ed.
260 _aBogotá :
_bVillegas,
_cc2005
300 _a335 p. : il. ; 19 cm
500 _aIncluye índice alfabético a final del texto
650 1 4 _aAdolescencia - Mujer
_940580
700 1 _aKent, Jennie
_91994
917 _a2958b20060131
942 _2ddc
_cBK
999 _c33233
_d33233